Datum a čas kvízu
26.5
Celkem bodů
Celkový počet nahraných bodů na tomto kvízu bez doplňovacích otázek.
7.
Pořadí na kvízu
Konečné umístění týmu na tomto kvízu.
Zaznamenané odpovědi
| # | Otázka | Odpověď | Body | Výsledky |
|---|---|---|---|---|
| 1. | Krátce po sobotním poledni vyj... | z Malešic | 0 | |
| 2. | Které oblečení zakázal severok... | A | 1 | |
| 3. | Dva britští zpěváci společně n... | Ed Sheeran, Elton John | 1 | |
| 4. | Jen pár hodin po uvedení na tr... | o pivo | 0 | |
| 5. | Minulý týden se v Paříži udělo... | posedmé | 1 | |
| 6. | Po slavných psech a koních při... | Francie | 1 | |
| 7. | Kočka na obrázku pochází ze st... | Simonova kočka (Simon's Cat) | 1 | |
| 8. | Kočku na obrázku nejspíš někdy... | C. Tardar Sauce | 0 | |
| 9. | Neopomeneme ani slavné literár... | Křivonožka (v originálu Crookshanks) | 0 | |
| 10. | Téma slavných koček zakončíme... | Bastet (též Baset, Baast, Ubaste) | 0 |